Statistics for First Lines of Songs #10

Click here to take the quiz!

General Stats

  • This quiz has been taken 102 times
  • The average score is 8 of 30

Answer Stats

Answer % Correct
Elvis Presley
58%
Can't help falling in love
54%
My way
48%
Radioactive
48%
Frank Sinatra
46%
Imagine Dragons
46%
Gorillaz
42%
The Beatles
31%
Clint Eastwood
31%
Zombie
30%
Cake by the ocean
29%
Blur
27%
The Cranberries
27%
DNCE
26%
Song 2
26%
I am the walrus
26%
Aerosmith
26%
The Reason
24%
Dream on
23%
Survivor
17%
Destiny's Child
17%
Hoobastank
17%
Message in a bottle
14%
The Police
14%
Hall & Oates
12%
You make my dreams come true
11%
Kashmir
10%
Led Zeppelin
10%
Green Day
7%
Welcome to Paradise
6%

Score Distribution

Percentile by Number Answered

Percent of People with Each Score

Your Score History

You have not taken this quiz